The Man Who Lived The Ages: (Record no. 182930)

MARC details
000 -LEADER
fixed length control field 00457 a2200169 4500
005 - DATE AND TIME OF LATEST TRANSACTION
control field 20211210113239.0
010 ## - LCCN (DPL NO)
LC control number ENG-130272
020 ## - INTERNATIONAL STANDARD BOOK NUMBER
Terms of availability 250.00
International Standard Book Number 978-93-89888-63-8
035 ## - SYSTEM CONTROL NUMBER
System control number EN-113804
037 ## - SOURCE OF ACQUISITION
Source of stock number/acquisition DBAD / PUB
082 ## - DEWEY DECIMAL CLASSIFICATION NUMBER
Classification number 880
100 ## - MAIN ENTRY--PERSONAL NAME
Personal name Siddique, Umair
245 ## - TITLE STATEMENT
Title The Man Who Lived The Ages:
Statement of responsibility, etc Umair Siddique
260 ## - PUBLICATION, DISTRIBUTION, ETC. (IMPRINT)
Name of publisher, distributor, etc Bluerose Publishers
Date of publication, distribution, etc 2020
300 ## - PHYSICAL DESCRIPTION
Extent 195p.
Dimensions 20cm (pbk)
942 ## - ADDED ENTRY ELEMENTS (KOHA)
Institution code [OBSOLETE] dpl
Item type English Books
Source of classification or shelving scheme Dewey Decimal Classification
Classification part 880
Call number suffix SID
Holdings
Withdrawn status Lost status Not for loan Collection code Home library Current library Date acquired Source of acquisition Cost, normal purchase price Full call number Barcode Copy number Cost, replacement price Koha item type
      Non-fiction Shahdara Branch Shahdara Branch 10/12/2021 DBAD/PUB 250.00 880 SID EN-113804 1 250.00 English Books

© Delhi Public Library
Hit Counter
free hit counter